LIBRARY & INFORMATION CENTRE, KCAET, TAVANUR

ONLINE PUBLIC ACCESS CATALOGUE (OPAC)

Engineering mathematics / (Record no. 9841)

MARC details
000 -LEADER
fixed length control field 00476cam a2200193ua 4500
041 ## - LANGUAGE CODE
Language code of text/sound track or separate title eng
082 ## - DEWEY DECIMAL CLASSIFICATION NUMBER
Classification number 519.062
Item number VEN/EN
100 ## - MAIN ENTRY--AUTHOR NAME
Personal name Venkataraman, M K .
245 ## - TITLE STATEMENT
Title Engineering mathematics /
250 ## - EDITION STATEMENT
Edition statement 1 /
260 ## - PUBLICATION, DISTRIBUTION, ETC. (IMPRINT)
Place of publication Chennai :
Name of publisher The National Publishing Co ,
Year of publication 1964.
300 ## - PHYSICAL DESCRIPTION
Number of Pages 451 ; .
942 ## - ADDED ENTRY ELEMENTS (KOHA)
Koha item type Books
Holdings
Withdrawn status Lost status Damaged status Home library Current library Date acquired Cost, normal purchase price Full call number Accession Number Koha item type
Withdrawn     KAUAET KAUAET 07/04/2012 9.00 519.062 7788 Books
Withdrawn     KAUAET KAUAET 07/04/2012 9.00 519.062 7789 Books
Withdrawn Lost and Paid For   KAUAET KAUAET 17/07/2020 8.50 519.062 VEN/EN 7787 Books
free website counter